000 00658nam a2200277Ia 4500
005 20260121124609.0
008 008 260114s9999 xx 000 0 eng d
020 _a9780520312012
037 _aEBOOK
040 _aCRL
040 _beng
040 _cCRL
041 _2eng
041 _aeng
084 _qCRL
100 _aBrown, D. Mackenzie
_9978701
245 4 _aThe White Umbrella
260 _bWalter de Gruyter
260 _bWalter de Gruyter
260 _c1953
650 _aPolitical Science
_9978702
856 _uhttp://www.degruyter.com/isbn/9780520312012
942 _cEBOOK
999 _c1555789
_d1555789